|
|
|
|
| LEADER |
00000nam0a2200000 4500 |
| 001 |
251294 |
| 005 |
20231101232638.0 |
| 010 |
|
|
|a 5250010520
|
| 035 |
|
|
|a (RuTPU)RU\TPU\book\273570
|
| 090 |
|
|
|a 251294
|
| 100 |
|
|
|a 20140220d1989 m y0rusy50 ca
|
| 101 |
0 |
|
|a rus
|
| 102 |
|
|
|a RU
|
| 105 |
|
|
|a y z 000zy
|
| 200 |
1 |
|
|a На переломном этапе перестройки: Выступление на встрече в ЦК КПСС с руководителями средств массовой информации, 29 марта 1989 г.
|f М. С. Горбачев
|
| 210 |
|
|
|a Москва
|c Политиздат
|d 1989
|
| 215 |
|
|
|a 16 с.
|
| 606 |
1 |
|
|a Средства массовой информации
|2 stltpush
|3 (RuTPU)RU\TPU\subj\56098
|9 74028
|
| 606 |
1 |
|
|a Идеологическая работа КПСС
|2 stltpush
|3 (RuTPU)RU\TPU\subj\12184
|9 39016
|
| 610 |
1 |
|
|a печать
|
| 610 |
1 |
|
|a телевидение
|
| 610 |
1 |
|
|a журналистика
|
| 610 |
1 |
|
|a СССР
|
| 610 |
1 |
|
|a перестройка
|
| 686 |
|
|
|a Ч6
|v LBC/SL-A
|2 rubbk
|
| 686 |
|
|
|a Ф61(2)5
|v LBC/SL-A
|2 rubbk
|
| 700 |
|
1 |
|a Горбачев
|b М. С.
|g Михаил Сергеевич
|
| 801 |
|
1 |
|a RU
|b 63413507
|c 20140220
|
| 801 |
|
2 |
|a RU
|b 63413507
|c 20140226
|g RCR
|
| 942 |
|
|
|c BK
|